| 000 | 00886cad a22002295a 4500 | ||
|---|---|---|---|
| 001 | L154812 | ||
| 008 | 120120s2012 xxk f 000 0 eng d | ||
| 035 | _a(Sirsi) u154812 | ||
| 041 | 0 | _aeng | |
| 100 | 1 | _aStarr, John | |
| 245 | 0 | 2 |
_aA second view _h[electronic resource] |
| 260 |
_a[S.l.] _bBoyes Turner _c2012 |
||
| 520 | _aDiscusses the case of Lanes Group plc v Galliford Try Infrastructure Ltd, where an adjudicator's decision had been declared a nullity on the grounds of apparent bias. | ||
| 590 | _aKA NTK | ||
| 650 | 2 | 4 | _aLANES GROUP PLC V GALLIFORD TRY INFRASTRUCTURE LIMITED |
| 651 | 4 |
_aEngland and Wales _y1543- |
|
| 690 |
_aConstruction management _96230 |
||
| 690 |
_aContracts _96232 |
||
| 710 | 1 | _aBoyes Turner | |
| 856 | 4 | 0 |
_uhttps://www.mondaq.com/x/160420/Building+Construction/A+Second+View&email_access=on _zView this article at www.mondaq.com |
| 942 | _n0 | ||
| 999 |
_c113172 _d113172 |
||